Claves psicopatológicas de las conductas autoagresivas en la adolescencia (Record no. 197797)

MARC details
000 -CABECERA
campo de control de longitud fija 01720cab a2200253 ab4500
005 - FECHA Y HORA DE LA ÚLTIMA TRANSACCIÓN
campo de control 20240612160713.0
008 - ELEMENTOS DE LONGITUD FIJA--INFORMACIÓN GENERAL
campo de control de longitud fija 991125s1985 mx 000 0 spa u
035 ## - NÚMERO DE CONTROL DEL SISTEMA
Número de control de sistema UPN01000225701
040 ## - FUENTE DE LA CATALOGACIÓN
Centro catalogador/agencia de origen MX-MxUPN
Lengua de catalogación spa
Centro/agencia transcriptor MX-MxUPN
Normas de descripción aacr2
049 ## - COLECCIÓN
Colección ART-E
100 1# - ASIENTO PRINCIPAL--NOMBRE PERSONAL
Nombre de persona Ibañez Aguirre, Carmelo
Enlace - carmelo.ibanez@ehu.eus
245 10 - MENCIÓN DE TÍTULO
Título Claves psicopatológicas de las conductas autoagresivas en la adolescencia
Medio [recurso electrónico en línea]
506 0# - NOTA DE RESTRICCIONES AL ACCESO
Limitaciones de acceso Acceso abierto
520 3# - NOTA DE RESUMEN, ETC.
Sumario, etc. En este trabajo se abordan los principales comportamientos psicopatológicos autoagresivos en el adolescente. Se parte del enfoque teórico cognitivo-conductual que incluye el análisis funcional. El objetivo planteado consiste en analizar algunas de las patologías asociadas y variables (descriptivas y explicativas) relevantes, bien como antecedentes, características personales estables y consecuencias, asociadas a las conductas autoagresivas, incluyendo las autolesiones no suicidas. Se especifican algunos de los mecanismos o claves de las conductas autoagresivas, como el autoconcepto y autoestima negativos, las formas que adoptan las autolesiones y su intencionalidad. Finalmente, se ejemplifica con el caso de una adolescente con conducta autoagresiva y rasgos asociados por el trastorno de la personalidad límite. RPCNA
650 #7 - ASIENTO SECUNDARIO DE MATERIA - TERMINO TEMATICO
9 (RLIN) 45619
Término de materia o nombre geográfico como elemento de entrada Psicopatología
650 #4 - ASIENTO SECUNDARIO DE MATERIA - TERMINO TEMATICO
9 (RLIN) 2906
Término de materia o nombre geográfico como elemento de entrada Autoestima
653 0# - TERMINO DE INDIZACION - NO CONTROLADO
Término no controlado Autoagresión
653 0# - TERMINO DE INDIZACION - NO CONTROLADO
Término no controlado Autoconcepto
773 ## - ENLACE AL DOCUMENTO FUENTE/ENTRADA DE REGISTRO ANFITRIÓN
Parte(s) relacionada(s) Vol. 4, no. 1 (2017) p. 65-70
Título Revista de psicología clínica con niños y adolescentes
Número Internacional Normalizado para Publicaciones Seriadas 2340-8340
856 4# - LOCALIZACIÓN Y ACCESO ELECTRÓNICOS
Identificador Uniforme del Recurso <a href="http://www.revistapcna.com/sites/default/files/16-07.pdf">http://www.revistapcna.com/sites/default/files/16-07.pdf</a>
902 ## - ELEMENTOS DE DATOS B LOCAL, LDB (RLIN)
Creó Leonor Sotres/120624
905 ## - TIPO DE MATERIAL
Tipo de material Articulo
942 ## - ELEMENTOS DE PUNTO DE ACCESO ADICIONAL (KOHA)
Tipo de ítem Koha Artículo Electrónico
Holdings
Estado de retiro Estado de pérdida Estado dañado No para préstamo Código de colección Localización permanente Ubicación/localización actual Ubicación en estantería Fecha de adquisición Total de préstamos Fecha visto por última vez Identificador Uniforme del Recurso Precio válido a partir de Tipo de ítem Koha
        Acceso abierto Bib. Gregorio Torres Quintero Bib. Gregorio Torres Quintero En línea 12/06/2024   12/06/2024 http://www.revistapcna.com/sites/default/files/16-07.pdf 12/06/2024 Artículo Electrónico